1 of 3 Quiz Stats

 Plays Quiz not verified by Sporcle

Support Sporcle.
Go Orange.
Score 0/10 Timer 02:00
0 Plays Today
Category % Correct
The ChipmunksAlvin, Simon, Theodore
91.7%
Tom Cruise's ex-wivesMimi Rogers, Nicole Kidman, Katie Holmes
88.3%
Tom Hanks & Meg Ryan moviesJoe Versus the Volcano, Sleepless in Seattle, You've Got Mail
86.7%
The Three TenorsPlácido Domingo, José Carreras, Luciano Pavarotti
80%
Capital cities of South AfricaPretoria, Bloemfontein, Cape Town
78.3%
Former Soviet Union countries bordering KyrgyzstanKazakhstan, Tajikistan, Uzbekistan
73.3%
Supreme Leaders of North KoreaKim Il Sung, Kim Jong Il, Kim Jong Un
60%
Rules from GremlinsNo bright lights, no water, no food after midnight
53.3%
Hyenas from The Lion KingShenzi, Banzai, Ed
43.3%
Members of HansonIsaac, Taylor, Zac
41.7%

You're not logged in!

Compare scores with friends on all Sporcle quizzes.
OR
Log In

From the Vault

1980s #1 Songs per Letter

by phil_quiz

Break out your boombox and a square of cardboard for head-spins.
Remove Ads.
Support Sporcle.
Get the best of Sporcle when you Go Orange. This ad-free experience offers more features, more stats, and more fun while also helping to support Sporcle. Thank you for becoming a member.

Show Comments

Extras

Created Oct 11, 2013ReportNominate
Tags:Category, fit, three

Top Quizzes Today


Score Distribution

Your Account Isn't Verified!

In order to create a playlist on Sporcle, you need to verify the email address you used during registration. Go to your Sporcle Settings to finish the process.

Report this User

Report this user for behavior that violates our Community Guidelines.

Details: